[Event "Moscow op-A 16th"]
[Site "Moscow"]
[Date "2020.01.28"]
[Round "4"]
[White "Morozov, Gennady"]
[Black "Krapivin, Alexander"]
[Result "1/2-1/2"]
[WhiteElo "1903"]
[BlackElo "2394"]
[PlyCount "105"]
[EventDate "2020.01.25"]
[EventType "swiss"]
[EventRounds "9"]
[EventCountry "RUS"]
[SourceTitle "CBM 194 Extra"]
[Source "ChessBase"]
[SourceDate "2020.03.31"]
[SourceVersion "1"]
[SourceVersionDate "2020.03.31"]
[SourceQuality "1"]

1. d4 d5 2. c4 e6 3. Nc3 Nf6 4. cxd5 exd5 5. Bg5 Be7 6. e3 c6 7. Bd3 Bg4 8. Nge2 Nbd7 9. Qc2 Bxe2 10. Nxe2 Ne4 11. Bxe7 Qxe7 12. 0-0 f5 13. Rfe1 0-0 14. f3 Nd6 15. Nc3 Rae8 16. Nd1 Rf6 17. Nf2 g6 18. Re2 Re6 19. Rae1 Nf6 20. Nh3 Nh5 21. f4 Nf7 22. g3 Nf6 23. Nf2 Nd6 24. b3 h5 25. h4 Nde4 26. Bxe4 Nxe4 27. Nxe4 Rxe4 28. Qc3 Qa3 29. Kf2 Kf7 30. Rc2 a5 31. Qc5 Qxc5 32. Rxc5 Ra8 33. a3 Re6 34. Rec1 Ra6 35. Kf3 Ke7 36. Kf2 Kd6 37. R1c2 Re7 38. Rc1 Rc7 39. Ke2 b6 40. R5c3 c5 41. a4 Ra8 42. Kd3 Re8 43. Kd2 Rb8 44. Kd3 Rbc8 45. R1c2 Re8 46. Kd2 Re4 47. Rc1 Re6 48. R1c2 Kc6 49. Rc1 Rb7 50. R1c2 Re4 51. Rc1 Rbe7 52. R1c2 Rb7 53. Rc1 1/2-1/2